<?xml version="1.0" encoding="UTF-8"?><?xml-stylesheet type="text/xsl" href="static/style.xsl"?><OAI-PMH xmlns="http://www.openarchives.org/OAI/2.0/" xmlns:xsi="http://www.w3.org/2001/XMLSchema-instance" xsi:schemaLocation="http://www.openarchives.org/OAI/2.0/ http://www.openarchives.org/OAI/2.0/OAI-PMH.xsd"><responseDate>2026-04-14T18:25:46Z</responseDate><request verb="GetRecord" identifier="oai:uvadoc.uva.es:10324/62384" metadataPrefix="marc">https://uvadoc.uva.es/oai/request</request><GetRecord><record><header><identifier>oai:uvadoc.uva.es:10324/62384</identifier><datestamp>2023-10-26T19:00:44Z</datestamp><setSpec>com_10324_1133</setSpec><setSpec>com_10324_931</setSpec><setSpec>com_10324_894</setSpec><setSpec>col_10324_1209</setSpec></header><metadata><record xmlns="http://www.loc.gov/MARC21/slim" xmlns:doc="http://www.lyncode.com/xoai" xmlns:xsi="http://www.w3.org/2001/XMLSchema-instance" xmlns:dcterms="http://purl.org/dc/terms/" xsi:schemaLocation="http://www.loc.gov/MARC21/slim http://www.loc.gov/standards/marcxml/schema/MARC21slim.xsd">
<leader>00925njm 22002777a 4500</leader>
<datafield tag="042" ind1=" " ind2=" ">
<subfield code="a">dc</subfield>
</datafield>
<datafield tag="720" ind1=" " ind2=" ">
<subfield code="a">Usategui Martín, Ricardo</subfield>
<subfield code="e">author</subfield>
</datafield>
<datafield tag="720" ind1=" " ind2=" ">
<subfield code="a">Rigual Bonastre, Ricardo Jaime</subfield>
<subfield code="e">author</subfield>
</datafield>
<datafield tag="720" ind1=" " ind2=" ">
<subfield code="a">Ruiz Mambrilla, Marta María</subfield>
<subfield code="e">author</subfield>
</datafield>
<datafield tag="720" ind1=" " ind2=" ">
<subfield code="a">Fernández Gómez, José María Fidel</subfield>
<subfield code="e">author</subfield>
</datafield>
<datafield tag="720" ind1=" " ind2=" ">
<subfield code="a">Dueñas Laita, Antonio</subfield>
<subfield code="e">author</subfield>
</datafield>
<datafield tag="720" ind1=" " ind2=" ">
<subfield code="a">Pérez Castrillon, José Luis</subfield>
<subfield code="e">author</subfield>
</datafield>
<datafield tag="260" ind1=" " ind2=" ">
<subfield code="c">2022</subfield>
</datafield>
<datafield tag="520" ind1=" " ind2=" ">
<subfield code="a">Bone is crucial for the support of muscles and the protection of vital organs, and as a reservoir of calcium and phosphorus. Bone is one of the most metabolically active tissues and is continuously renewed to adapt to the changes required for healthy functioning. To maintain normal cellular and physiological bone functions sufficient oxygen is required, as evidence has shown that hypoxia may influence bone health. In this scenario, this review aimed to analyze the molecular mechanisms involved in hypoxia-induced bone remodeling alterations and their possible clinical consequences. Hypoxia has been associated with reduced bone formation and reduced osteoblast matrix mineralization due to the hypoxia environment inhibiting osteoblast differentiation. A hypoxic environment is involved with increased osteoclastogenesis and increased bone resorptive capacity of the osteoclasts. Clinical studies, although with contradictory results, have shown that hypoxia can modify bone remodeling.</subfield>
</datafield>
<datafield tag="024" ind2=" " ind1="8">
<subfield code="a">International Journal of Molecular Sciences, 2022, Vol. 23, Nº. 6, 3233</subfield>
</datafield>
<datafield tag="024" ind2=" " ind1="8">
<subfield code="a">1422-0067</subfield>
</datafield>
<datafield tag="024" ind2=" " ind1="8">
<subfield code="a">https://uvadoc.uva.es/handle/10324/62384</subfield>
</datafield>
<datafield tag="024" ind2=" " ind1="8">
<subfield code="a">10.3390/ijms23063233</subfield>
</datafield>
<datafield tag="024" ind2=" " ind1="8">
<subfield code="a">3233</subfield>
</datafield>
<datafield tag="024" ind2=" " ind1="8">
<subfield code="a">6</subfield>
</datafield>
<datafield tag="024" ind2=" " ind1="8">
<subfield code="a">International Journal of Molecular Sciences</subfield>
</datafield>
<datafield tag="024" ind2=" " ind1="8">
<subfield code="a">23</subfield>
</datafield>
<datafield tag="024" ind2=" " ind1="8">
<subfield code="a">1422-0067</subfield>
</datafield>
<datafield ind1=" " ind2=" " tag="653">
<subfield code="a">Hypoxia</subfield>
</datafield>
<datafield ind1=" " ind2=" " tag="653">
<subfield code="a">Hipoxia</subfield>
</datafield>
<datafield ind1=" " ind2=" " tag="653">
<subfield code="a">Bone remodeling</subfield>
</datafield>
<datafield ind1=" " ind2=" " tag="653">
<subfield code="a">Bone health</subfield>
</datafield>
<datafield ind1=" " ind2=" " tag="653">
<subfield code="a">Huesos - Regeneración</subfield>
</datafield>
<datafield ind1=" " ind2=" " tag="653">
<subfield code="a">Bones - Metabolism - Disorders</subfield>
</datafield>
<datafield ind1=" " ind2=" " tag="653">
<subfield code="a">Huesos - Metabolismo, trastornos del</subfield>
</datafield>
<datafield ind1=" " ind2=" " tag="653">
<subfield code="a">Hypoxia Inducible Factor (HIF)</subfield>
</datafield>
<datafield ind1=" " ind2=" " tag="653">
<subfield code="a">Osteoclast</subfield>
</datafield>
<datafield ind1=" " ind2=" " tag="653">
<subfield code="a">Osteoblast</subfield>
</datafield>
<datafield ind1=" " ind2=" " tag="653">
<subfield code="a">Oxygen</subfield>
</datafield>
<datafield ind1=" " ind2=" " tag="653">
<subfield code="a">Oxígeno</subfield>
</datafield>
<datafield ind1=" " ind2=" " tag="653">
<subfield code="a">Cell Biology</subfield>
</datafield>
<datafield ind1=" " ind2=" " tag="653">
<subfield code="a">Medicine</subfield>
</datafield>
<datafield tag="245" ind1="0" ind2="0">
<subfield code="a">Molecular mechanisms involved in hypoxia-induced alterations in bone remodeling</subfield>
</datafield>
</record></metadata></record></GetRecord></OAI-PMH>